00321nam a2200133Ia 4500003000400000005001700004008004100021040000700062082001900069100001700088245003100105260003800136365001300174OSt20230609151116.0210423s2002 xx 000 0 und d cAL a658.3 SINH223 aSINGH (Y K). aHuman resource management. aNew DelhibAPH Publicationsc2002 b595cINR